All WW2 leaders - Statistics

General Stats
  • This quiz has been taken 67 times
  • The average score is 7 of 26
Answer Stats
country Leader % Correct
Soviet union Joseph Stalin
95%
Germany Adolf Hitler
94%
Italy Benito Mussolini
87%
United kingdom Winston Churchill
86%
Japan Hirohito
73%
France Charles de Gaulle
63%
China Chiang Kai shek
49%
Yugoslavia Josip Tito
44%
Finland Carl Mannerheim
25%
Bulgaria Boris III
22%
Hungary Miklos Horthy
17%
Norway Vidkun Quisling
17%
Romania Marshal Antonescu
16%
Albania Enver Hoxha
11%
Czechoslovakia Edvard Benes
8%
Australia John Curtin
8%
Greece Ioannis Metaxas
6%
Mongolia Khorloogiin Choibalsan
6%
Belgium King Leopold III
5%
Poland Wladyslaw Sikorski
5%
India Subhash Bose
3%
Canada Bernard Montgomery
2%
Denmark Christian X
2%
New Zealand Peter Fraser
2%
Netherlands Pieter Gerbrandy
0%
Thailand Plaek Songkhram
0%
No matching quizzes found
Score Distribution
Percent of People with Each Score
Percentile by Number Answered
Your Score History
You have not taken this quiz